000 00383pab a2200145 454500
008 180718b2004 xxu||||| |||| 00| 0 eng d
100 _aRati Ram
245 _aTrends in developing countries commodity terms-of-trade since 1970
260 _c2004
300 _ap.241-53.
362 _aSpring
650 _aTrade
773 _aReview of Radical Political Economics
909 _a61808
999 _c61808
_d61808